[Event "Skakliga 2007-08"]
[Site "Denmark"]
[Date "2008.03.02"]
[Round "7.3"]
[White "Kristensen, Kaare Hove"]
[Black "Luch, Michal"]
[Result "1/2-1/2"]
[WhiteElo "2318"]
[BlackElo "2389"]
[PlyCount "34"]
[EventDate "2007.11.10"]
[EventType "team-tourn"]
[EventRounds "9"]
[EventCountry "DEN"]
[Source "ChessBase"]
[SourceDate "2003.11.25"]
[WhiteTeam "Nordkalotten"]
[BlackTeam "Aalborg"]
[WhiteTeamCountry "DEN"]
[BlackTeamCountry "DEN"]

1. e4 c5 2. Nf3 a6 3. c3 e6 4. d4 d5 5. e5 Bd7 6. a3 Qb6 7. b4 cxd4 8. cxd4 Bb5
9. Bxb5+ Qxb5 10. Nc3 Qc4 11. Na4 Nd7 12. Nc5 b6 13. Nxd7 Kxd7 14. Be3 Rc8 15.
Rc1 Qb5 16. Rxc8 Kxc8 17. Kd2 Kd7 1/2-1/2

[Event "Skakliga 2007-08"]
[Site "Denmark"]
[Date "2008.03.02"]
[Round "7.4"]
[White "Pedersen, Daniel V"]
[Black "Jakobsen, Peter"]
[Result "1/2-1/2"]
[WhiteElo "2235"]
[BlackElo "2215"]
[PlyCount "50"]
[EventDate "2007.11.10"]
[EventType "team-tourn"]
[EventRounds "9"]
[EventCountry "DEN"]
[Source "ChessBase"]
[SourceDate "2003.11.25"]
[WhiteTeam "Aalborg"]
[BlackTeam "Nordkalotten"]
[WhiteTeamCountry "DEN"]
[BlackTeamCountry "DEN"]

1. e4 c5 2. c3 d5 3. exd5 Qxd5 4. d4 Nf6 5. Nf3 e6 6. Bd3 Be7 7. O-O O-O 8. Be3
Rd8 9. Qe2 Nc6 10. a3 b6 11. h3 Bb7 12. Re1 Rac8 13. Bc4 Qh5 14. dxc5 Bxc5 15.
Bxc5 Qxc5 16. Nbd2 h6 17. Rad1 Qf5 18. Nb3 Nd5 19. Nbd4 Nxd4 20. Nxd4 Qf6 21.
Bxd5 Rxd5 22. Nc2 Rcd8 23. Rxd5 Rxd5 24. Ne3 Rd7 25. c4 Qd8 1/2-1/2

[Event "Skakliga 2007-08"]
[Site "Denmark"]
[Date "2008.03.02"]
[Round "7.5"]
[White "Nielsen, Lars Aaes"]
[Black "Nielsen, Steffen Slumstrup"]
[Result "1-0"]
[WhiteElo "2201"]
[BlackElo "2226"]
[PlyCount "67"]
[EventDate "2007.11.10"]
[EventType "team-tourn"]
[EventRounds "9"]
[EventCountry "DEN"]
[Source "ChessBase"]
[SourceDate "2003.11.25"]
[WhiteTeam "Nordkalotten"]
[BlackTeam "Aalborg"]
[WhiteTeamCountry "DEN"]
[BlackTeamCountry "DEN"]

1. e4 e5 2. Nf3 Nc6 3. Bb5 a6 4. Bxc6 dxc6 5. O-O Bd6 6. d4 exd4 7. Nxd4 Ne7 8.
Re1 f6 9. Qh5+ Ng6 10. Nf5 O-O 11. Nc3 Be6 12. Be3 Qe8 13. Rad1 Rd8 14. Nxd6
cxd6 15. f4 f5 16. Bb6 Rc8 17. g3 fxe4 18. Rxd6 Bf5 19. Qe2 Qf7 20. Bc5 Rfe8
21. Qd2 h5 22. Qd4 e3 23. Rxe3 Rxe3 24. Qxe3 h4 25. Qd2 Kh7 26. b3 h3 27. Ne2
Re8 28. Nd4 Be4 29. Qe2 Kg8 30. Qg4 Bg2 31. Qxg6 Re1+ 32. Kf2 Qe7 33. Ne6 Be4
34. Rd8+ 1-0

[Event "Skakliga 2007-08"]
[Site "Denmark"]
[Date "2008.03.02"]
[Round "7.6"]
[White "Meyer, Lars August"]
[Black "Lilja, Richard"]
[Result "1-0"]
[WhiteElo "2222"]
[BlackElo "2109"]
[PlyCount "63"]
[EventDate "2007.11.10"]
[EventType "team-tourn"]
[EventRounds "9"]
[EventCountry "DEN"]
[Source "ChessBase"]
[SourceDate "2003.11.25"]
[WhiteTeam "Aalborg"]
[BlackTeam "Nordkalotten"]
[WhiteTeamCountry "DEN"]
[BlackTeamCountry "DEN"]

1. e4 g6 2. d4 Bg7 3. Nf3 d6 4. c4 e5 5. dxe5 dxe5 6. Qxd8+ Kxd8 7. Nc3 c6 8.
b3 Nd7 9. Ba3 Bf8 10. Bxf8 Nxf8 11. Nxe5 Be6 12. Be2 f6 13. Nd3 Nd7 14. O-O-O
Ke7 15. f4 Nh6 16. h3 a5 17. Rhe1 a4 18. Nxa4 Bxc4 19. Ndc5 Nxc5 20. Nxc5 Bxe2
21. Rxe2 b6 22. Nd7 Ra6 23. e5 f5 24. Nf6 Ra7 25. Red2 g5 26. Rd7+ Rxd7 27.
Rxd7+ Ke6 28. Rd6+ Ke7 29. Rxc6 Nf7 30. Nd5+ Kd7 31. Rxb6 gxf4 32. e6+ 1-0

[Event "Skakliga 2007-08"]
[Site "Denmark"]
[Date "2008.03.02"]
[Round "7.7"]
[White "Koch, Soren Andreas"]
[Black "Hjorth, Torben"]
[Result "1-0"]
[WhiteElo "2094"]
[BlackElo "2151"]
[PlyCount "80"]
[EventDate "2007.11.10"]
[EventType "team-tourn"]
[EventRounds "9"]
[EventCountry "DEN"]
[Source "ChessBase"]
[SourceDate "2003.11.25"]
[WhiteTeam "Nordkalotten"]
[BlackTeam "Aalborg"]
[WhiteTeamCountry "DEN"]
[BlackTeamCountry "DEN"]

1. d4 Nf6 2. g3 d5 3. Nf3 e6 4. Bg2 Be7 5. O-O O-O 6. b3 a5 7. a3 Nc6 8. Bb2
Ne4 9. Nfd2 f5 10. Nxe4 fxe4 11. f3 Bg5 12. f4 Bf6 13. e3 Ne7 14. a4 c5 15. c3
cxd4 16. cxd4 Bd7 17. Qe2 Qb6 18. Nd2 Rfc8 19. Rfc1 Nc6 20. Qb5 Qxb5 21. axb5
Nb4 22. Rxc8+ Rxc8 23. Rxa5 Nd3 24. Ba3 Rc2 25. Nxe4 Rxg2+ 26. Kxg2 dxe4 27.
Ra8+ Kf7 28. Rb8 Kg6 29. Rxb7 Be8 30. Rb8 Bd7 31. Rb7 Be8 32. b6 Bb5 33. Bc5 e5
34. fxe5 Bg5 35. Bf8 Bxe3 36. Rxg7+ Kf5 37. b7 Ne1+ 38. Kh3 Nf3 39. g4+ Ke6 40.
b8=Q Bf1+ 1-0

[Event "Skakliga 2007-08"]
[Site "Denmark"]
[Date "2008.03.02"]
[Round "7.8"]
[White "Nielsen, Jorgen G"]
[Black "Noer, Martin Stampe"]
[Result "1/2-1/2"]
[WhiteElo "2149"]
[BlackElo "1828"]
[PlyCount "54"]
[EventDate "2007.11.10"]
[EventType "team-tourn"]
[EventRounds "9"]
[EventCountry "DEN"]
[Source "ChessBase"]
[SourceDate "2003.11.25"]
[WhiteTeam "Aalborg"]
[BlackTeam "Nordkalotten"]
[WhiteTeamCountry "DEN"]
[BlackTeamCountry "DEN"]

1. d4 d5 2. c4 c6 3. Nf3 Nf6 4. e3 Bf5 5. Nc3 e6 6. Nh4 Be4 7. f3 Bg6 8. g3
Nbd7 9. Be2 Be7 10. O-O Qc7 11. cxd5 exd5 12. e4 Nh5 13. Ng2 dxe4 14. fxe4 Nhf6
15. Bf3 O-O 16. Bf4 Qa5 17. a3 Qb6 18. e5 Ne8 19. Na4 Qd8 20. d5 cxd5 21. Qxd5
Nc7 22. Qxb7 Nc5 23. Nxc5 Bxc5+ 24. Be3 Rb8 25. Qc6 Bxe3+ 26. Nxe3 Rxb2 27.
Rad1 Qb8 1/2-1/2

[Event "Skakliga 2007-08"]
[Site "Denmark"]
[Date "2008.03.02"]
[Round "7.1"]
[White "Hansen, Sune Berg"]
[Black "Teplyi, Igor"]
[Result "1/2-1/2"]
[WhiteElo "2567"]
[BlackElo "2233"]
[PlyCount "99"]
[EventDate "2007.11.10"]
[EventType "team-tourn"]
[EventRounds "9"]
[EventCountry "DEN"]
[Source "ChessBase"]
[SourceDate "2003.11.25"]
[WhiteTeam "Helsingor"]
[BlackTeam "Nordre"]
[WhiteTeamCountry "DEN"]
[BlackTeamCountry "DEN"]

1. e4 c5 2. Nf3 d6 3. Bc4 Nf6 4. d3 e6 5. Bb3 Nc6 6. c3 d5 7. Nbd2 Be7 8. O-O
O-O 9. Re1 b5 10. e5 Nd7 11. Nf1 Bb7 12. Ng3 b4 13. c4 Nb6 14. cxd5 Nxd5 15. d4
Nc7 16. dxc5 Qxd1 17. Bxd1 Na6 18. Ne4 Nxc5 19. Bc2 Nxe4 20. Bxe4 Na5 21. Bxb7
Nxb7 22. Be3 Nc5 23. Rec1 Rfc8 24. Rc2 Nd3 25. Rd2 Rd8 26. Kf1 Rd5 27. Bd4 Nc5
28. Rc1 Rad8 29. Rc4 Ne4 30. Re2 Ng5 31. Bxa7 Nxf3 32. gxf3 Rd1+ 33. Kg2 Ra8
34. Rc7 Kf8 35. Rec2 Ke8 36. b3 Rd5 37. f4 Ra5 38. Bc5 Bd8 39. Rc6 Rxa2 40.
Bxb4 Rxc2 41. Rxc2 Rb8 42. Rc4 Rb5 43. Kf1 h6 44. Ke2 g5 45. Kf3 gxf4 46. Kxf4
Bb6 47. f3 Bg1 48. Ke4 Bxh2 49. f4 Kd7 50. Rd4+ 1/2-1/2

[Event "Skakliga 2007-08"]
[Site "Denmark"]
[Date "2008.03.02"]
[Round "7.2"]
[White "Wiwe, Andreas"]
[Black "Mortensen, Erling"]
[Result "1-0"]
[WhiteElo "2169"]
[BlackElo "2456"]
[PlyCount "93"]
[EventDate "2007.11.10"]
[EventType "team-tourn"]
[EventRounds "9"]
[EventCountry "DEN"]
[Source "ChessBase"]
[SourceDate "2003.11.25"]
[WhiteTeam "Nordre"]
[BlackTeam "Helsingor"]
[WhiteTeamCountry "DEN"]
[BlackTeamCountry "DEN"]

1. e4 c5 2. Nf3 e6 3. d4 cxd4 4. Nxd4 a6 5. Bd3 Bc5 6. Nb3 Be7 7. Qg4 g6 8. Qe2
d6 9. O-O Nd7 10. a4 b6 11. Na3 Bb7 12. Nc4 h5 13. Be3 Ngf6 14. a5 b5 15. Nb6
Nxb6 16. Bxb6 Qb8 17. Nd2 Bc6 18. Rfe1 h4 19. c4 bxc4 20. Bxc4 Qb7 21. Rac1 d5
22. Bxa6 Rxa6 23. Rxc6 Qxc6 24. Qxa6 Bb4 25. Qd3 O-O 26. Qd4 Bxd2 27. Qxd2 Nxe4
28. Qd3 Nd6 29. b4 Nc4 30. Bc5 Re8 31. Ra1 Ra8 32. Be7 e5 33. Bxh4 Qd6 34. Qc3
Qc6 35. Qf3 f5 36. Rd1 Rb8 37. Be7 Kf7 38. Bc5 Ke6 39. a6 e4 40. Qg3 Rg8 41. a7
Qa4 42. Rc1 Ne5 43. h4 Rc8 44. Qc3 Qc6 45. Ra1 Ra8 46. Ra5 Nc4 47. Qg7 1-0

[Event "Skakliga 2007-08"]
[Site "Denmark"]
[Date "2008.03.02"]
[Round "7.3"]
[White "Nielsen, Nicholas Roland"]
[Black "Petersen, Tom Petri"]
[Result "1/2-1/2"]
[WhiteElo "2219"]
[BlackElo "2286"]
[PlyCount "117"]
[EventDate "2007.11.10"]
[EventType "team-tourn"]
[EventRounds "9"]
[EventCountry "DEN"]
[Source "ChessBase"]
[SourceDate "2003.11.25"]
[WhiteTeam "Helsingor"]
[BlackTeam "Nordre"]
[WhiteTeamCountry "DEN"]
[BlackTeamCountry "DEN"]

1. e4 g6 2. d4 Bg7 3. Nc3 d6 4. f4 c6 5. Be3 Nf6 6. Nf3 O-O 7. Qd2 Nbd7 8. e5
Nd5 9. Nxd5 cxd5 10. Bd3 Nb6 11. b3 Bg4 12. O-O f6 13. exf6 Bxf6 14. h3 Bxf3
15. Rxf3 e6 16. Raf1 Rc8 17. g4 Qe7 18. Kh1 Kh8 19. f5 gxf5 20. g5 Bg7 21. h4
Qd8 22. Rh3 Rg8 23. h5 Rc7 24. g6 Bf6 25. Rg1 Nc8 26. Qh2 Qf8 27. Qf4 Rd7 28.
Rhg3 a6 29. Bxf5 exf5 30. Qxf5 Qe7 31. gxh7 Rxg3 32. Rxg3 Qe4+ 33. Qxe4 dxe4
34. Rg8+ Kxh7 35. Rxc8 Rg7 36. Rf8 Bg5 37. Bxg5 Rxg5 38. Rf7+ Kh6 39. Rxb7 Kxh5
40. Re7 d5 41. c4 Kg4 42. cxd5 Kf3 43. d6 Rd5 44. d7 Rxd4 45. Rf7+ Ke2 46. Kg2
Rd6 47. Re7 Ke3 48. Kg3 Kd3 49. Kf2 Rf6+ 50. Ke1 Rd6 51. b4 Kc4 52. a3 Kb3 53.
Re6 Rxd7 54. Rxa6 Kc4 55. Ke2 Rd3 56. Ra5 Rb3 57. Ra8 Kd4 58. Rd8+ Kc4 59. Rc8+
1/2-1/2

[Event "Skakliga 2007-08"]
[Site "Denmark"]
[Date "2008.03.02"]
[Round "7.4"]
[White "Baekgaard, Martin"]
[Black "Jorgensen, Michael"]
[Result "1-0"]
[WhiteElo "2231"]
[BlackElo "2217"]
[PlyCount "75"]
[EventDate "2007.11.10"]
[EventType "team-tourn"]
[EventRounds "9"]
[EventCountry "DEN"]
[Source "ChessBase"]
[SourceDate "2003.11.25"]
[WhiteTeam "Nordre"]
[BlackTeam "Helsingor"]
[WhiteTeamCountry "DEN"]
[BlackTeamCountry "DEN"]

1. d4 f5 2. Nc3 Nf6 3. Bg5 e6 4. e4 fxe4 5. Nxe4 Be7 6. Bxf6 Bxf6 7. Qh5+ g6 8.
Qh6 b6 9. Nf3 Bb7 10. Bd3 Na6 11. c3 Qe7 12. Nxf6+ Qxf6 13. O-O O-O-O 14. a4
Rdf8 15. a5 Nb8 16. Ne5 Qf4 17. Qxf4 Rxf4 18. g3 Rf6 19. f4 d6 20. Ng4 Rf7 21.
Rfe1 Re8 22. Re3 Nd7 23. Bb5 Ree7 24. axb6 axb6 25. Rae1 Nf8 26. Nh6 c5 27.
Nxf7 Rxf7 28. Ra1 Kb8 29. Ba6 Ba8 30. Bf1 cxd4 31. cxd4 Rc7 32. Rc3 Rxc3 33.
bxc3 Nd7 34. Re1 Nf8 35. Bh3 Bd5 36. Bg2 Bxg2 37. Kxg2 h6 38. d5 1-0

[Event "Skakliga 2007-08"]
[Site "Denmark"]
[Date "2008.03.02"]
[Round "7.5"]
[White "Larsen, Ole Bogh"]
[Black "Hoiberg, Nina"]
[Result "1-0"]
[WhiteElo "2235"]
[BlackElo "2183"]
[PlyCount "107"]
[EventDate "2007.11.10"]
[EventType "team-tourn"]
[EventRounds "9"]
[EventCountry "DEN"]
[Source "ChessBase"]
[SourceDate "2003.11.25"]
[WhiteTeam "Helsingor"]
[BlackTeam "Nordre"]
[WhiteTeamCountry "DEN"]
[BlackTeamCountry "DEN"]

1. e4 e5 2. Nf3 Nc6 3. Bb5 d6 4. d4 Bd7 5. O-O Nf6 6. Nc3 Be7 7. Bxc6 Bxc6 8.
Qd3 exd4 9. Nxd4 O-O 10. Bf4 Nd7 11. Nxc6 bxc6 12. Qa6 Rb8 13. Qxc6 Rb6 14. Qc4
Rxb2 15. Nd5 Nc5 16. Rad1 Bg5 17. Bg3 Bh4 18. e5 Bxg3 19. hxg3 Kh8 20. Rfe1 Ne6
21. Nb4 Qb8 22. a3 a5 23. Qc3 Rxb4 24. axb4 axb4 25. Qc6 dxe5 26. Rxe5 b3 27.
c3 Qa7 28. Qc4 b2 29. Rb1 c5 30. Re2 Rb8 31. Rc2 Qa1 32. Qf1 Qa2 33. Qd1 h6 34.
Rd2 Ng5 35. Rd8+ Rxd8 36. Qxd8+ Kh7 37. Qd3+ g6 38. Qc2 Qd5 39. Qxb2 Qc4 40.
Re1 Ne4 41. Re3 Nd6 42. Qe2 Qb3 43. Qd3 Nf5 44. Rf3 Qe6 45. g4 Ng7 46. Qe3 Qd5
47. Qe7 Kg8 48. Rf6 Qd1+ 49. Kh2 Qxg4 50. Qxf7+ Kh7 51. Rd6 Qe4 52. g3 h5 53.
Qf6 c4 54. Rd7 1-0

[Event "Skakliga 2007-08"]
[Site "Denmark"]
[Date "2008.03.02"]
[Round "7.6"]
[White "Veng, Johny"]
[Black "Jensen, Ib"]
[Result "1-0"]
[WhiteElo "2171"]
[BlackElo "1930"]
[PlyCount "73"]
[EventDate "2007.11.10"]
[EventType "team-tourn"]
[EventRounds "9"]
[EventCountry "DEN"]
[Source "ChessBase"]
[SourceDate "2003.11.25"]
[WhiteTeam "Nordre"]
[BlackTeam "Helsingor"]
[WhiteTeamCountry "DEN"]
[BlackTeamCountry "DEN"]

1. c4 Nf6 2. g3 e6 3. Bg2 c6 4. Nf3 d5 5. d4 Bb4+ 6. Nbd2 O-O 7. O-O Re8 8. Qc2
Nbd7 9. a3 Bf8 10. Rd1 g6 11. e4 dxe4 12. Nxe4 Nxe4 13. Qxe4 Bg7 14. Bg5 Qc7
15. Rac1 Nb6 16. Qh4 Nd7 17. Re1 f6 18. Bd2 Qd8 19. Rcd1 Nf8 20. Bc3 Bd7 21.
Nd2 f5 22. Qf4 Rc8 23. Nf3 h6 24. h4 Nh7 25. Ne5 g5 26. hxg5 hxg5 27. Qe3 b6
28. d5 cxd5 29. cxd5 Ba4 30. Rd4 Bb3 31. d6 Rc5 32. Nc6 Qd7 33. Ne7+ Kf7 34.
Bb4 Bxd4 35. Qxb3 Qxd6 36. Nxf5 Qd5 37. Bxd5 1-0

[Event "Skakliga 2007-08"]
[Site "Denmark"]
[Date "2008.03.02"]
[Round "7.7"]
[White "Molin, Claus"]
[Black "Danstrup, Niels"]
[Result "0-1"]
[WhiteElo "2097"]
[BlackElo "1973"]
[PlyCount "42"]
[EventDate "2007.11.10"]
[EventType "team-tourn"]
[EventRounds "9"]
[EventCountry "DEN"]
[Source "ChessBase"]
[SourceDate "2003.11.25"]
[WhiteTeam "Helsingor"]
[BlackTeam "Nordre"]
[WhiteTeamCountry "DEN"]
[BlackTeamCountry "DEN"]

1. d4 d6 2. e4 Nf6 3. Bd3 e5 4. c3 c6 5. Nf3 Qc7 6. O-O Be7 7. Nbd2 Bg4 8. Nc4
Nbd7 9. Ne3 O-O 10. h3 Bxf3 11. Qxf3 Rfe8 12. Nf5 Bf8 13. Bg5 Re6 14. Ng3 d5
15. exd5 cxd5 16. Bxf6 e4 17. Qd1 Nxf6 18. Bc2 e3 19. Qf3 exf2+ 20. Rxf2 Rae8
21. Raf1 Re3 0-1

[Event "Skakliga 2007-08"]
[Site "Denmark"]
[Date "2008.03.02"]
[Round "7.8"]
[White "Klitgaard, Thomas"]
[Black "Nielsen, Leo"]
[Result "0-1"]
[WhiteElo "2094"]
[BlackElo "1633"]
[PlyCount "90"]
[EventDate "2007.11.10"]
[EventType "team-tourn"]
[EventRounds "9"]
[EventCountry "DEN"]
[Source "ChessBase"]
[SourceDate "2003.11.25"]
[WhiteTeam "Nordre"]
[BlackTeam "Helsingor"]
[WhiteTeamCountry "DEN"]
[BlackTeamCountry "DEN"]

1. Nf3 c5 2. c4 Nc6 3. Nc3 Nf6 4. d4 cxd4 5. Nxd4 a6 6. e4 e5 7. Nc2 Bc5 8. Be2
Nd4 9. O-O h6 10. Be3 Nxe2+ 11. Qxe2 b6 12. Bxc5 bxc5 13. Rfd1 O-O 14. Rd3 Bb7
15. f3 Bc6 16. Ne3 Nh5 17. Ncd5 Qg5 18. Qf2 Bxd5 19. Nxd5 d6 20. Rad1 f5 21.
exf5 Rxf5 22. h4 Qd8 23. Ne3 Rf6 24. Ng4 Re6 25. g3 Qe7 26. Ne3 Rf8 27. Nd5 Qf7
28. Qg2 Rg6 29. g4 Nf4 30. Nxf4 Qxf4 31. Rxd6 Rxd6 32. Rxd6 e4 33. Rg6 exf3 34.
Qf2 Qc1+ 35. Kh2 Qxc4 36. g5 h5 37. Rc6 Qf4+ 38. Kh1 Qc4 39. Kh2 Qf4+ 40. Kh1
Rd8 41. Qf1 Qxh4+ 42. Kg1 Qxg5+ 43. Kh1 Qh4+ 44. Kg1 Qg3+ 45. Kh1 Rd4 0-1

[Event "Skakliga 2007-08"]
[Site "Denmark"]
[Date "2008.03.02"]
[Round "7.1"]
[White "Rasmussen, Allan Stig"]
[Black "Skytte, Rasmus"]
[Result "0-1"]
[WhiteElo "2409"]
[BlackElo "2475"]
[PlyCount "78"]
[EventDate "2007.11.10"]
[EventType "team-tourn"]
[EventRounds "9"]
[EventCountry "DEN"]
[Source "ChessBase"]
[SourceDate "2003.11.25"]
[WhiteTeam "Jetsmark"]
[BlackTeam "Aarhus/Skolerne"]
[WhiteTeamCountry "DEN"]
[BlackTeamCountry "DEN"]

1. e4 e5 2. Nf3 Nc6 3. Bb5 f5 4. Nc3 fxe4 5. Nxe4 Nf6 6. Nxf6+ Qxf6 7. Qe2 Be7
8. Bxc6 bxc6 9. Qxe5 d6 10. Qe4 d5 11. Qe3 O-O 12. O-O Bd6 13. d4 Bf5 14. c3
Rae8 15. Ne5 Bxe5 16. dxe5 Rxe5 17. Qg3 Re4 18. Qxc7 Rg4 19. f3 Be4 20. h3 Rg6
21. Kh1 Qh4 22. Qh2 Bxf3 23. gxf3 Rg3 24. Bg5 Qxg5 25. h4 Qf4 26. Rf2 Rf6 27.
Rg1 Rxg1+ 28. Kxg1 Rg6+ 29. Kf1 Qc1+ 30. Ke2 Qxb2+ 31. Kd3 Qb1+ 32. Kd4 c5+ 33.
Kxc5 Qb6+ 34. Kxd5 Qc6+ 35. Kd4 Rd6+ 36. Ke3 Qxc3+ 37. Ke4 Qd4+ 38. Kf5 g6+ 39.
Kg5 Rd5+ 0-1

[Event "Skakliga 2007-08"]
[Site "Denmark"]
[Date "2008.03.02"]
[Round "7.2"]
[White "Rasmussen, Karsten"]
[Black "Glud, Jakob Vang"]
[Result "1/2-1/2"]
[WhiteElo "2493"]
[BlackElo "2468"]
[PlyCount "161"]
[EventDate "2007.11.10"]
[EventType "team-tourn"]
[EventRounds "9"]
[EventCountry "DEN"]
[Source "ChessBase"]
[SourceDate "2003.11.25"]
[WhiteTeam "Aarhus/Skolerne"]
[BlackTeam "Jetsmark"]
[WhiteTeamCountry "DEN"]
[BlackTeamCountry "DEN"]

1. d4 d5 2. c4 c6 3. Nf3 Nf6 4. Nc3 a6 5. cxd5 cxd5 6. Bf4 e6 7. e3 Bd6 8. Bxd6
Qxd6 9. Ne5 Nbd7 10. f4 b5 11. Bd3 Bb7 12. O-O O-O 13. Rf3 Ne4 14. Rh3 f5 15.
Bxe4 dxe4 16. Nxd7 Qxd7 17. g4 Rac8 18. Rg3 Rc4 19. Rg2 Rfc8 20. a3 Kh8 21. Kh1
a5 22. gxf5 exf5 23. Qh5 b4 24. axb4 axb4 25. Ne2 R4c6 26. Ng3 Rf8 27. Rag1 Rg6
28. Qd1 Bd5 29. Qd2 Qb5 30. Rc1 Rc6 31. Rgg1 g5 32. Rxc6 Bxc6 33. d5 Qxd5 34.
Qxb4 Qf7 35. fxg5 f4 36. Qc3+ Kg8 37. Qxc6 fxg3 38. Qxe4 gxh2 39. Kxh2 Qh5+ 40.
Kg2 Qe2+ 41. Kh3 Rf3+ 42. Rg3 Rf2 43. Rg2 Rxg2 44. Qxg2 Qxe3+ 45. Kg4 Qb3 46.
Qa8+ Kg7 47. Qa7+ Kg8 48. Qd4 Kf7 49. Kf4 Qh3 50. Qd5+ Kg7 51. Qe5+ Kg8 52.
Qe8+ Kg7 53. Qe7+ Kg8 54. b4 Qh4+ 55. Kf5 Qh3+ 56. Ke4 Qh1+ 57. Kd4 Qa1+ 58.
Kc5 Qa3 59. Qe8+ Kg7 60. Qe7+ Kg8 61. Kb6 Qa8 62. Qe6+ Kg7 63. Qd7+ Kg8 64. b5
Qb8+ 65. Kc5 Qf8+ 66. Qd6 Qf2+ 67. Kc6 Qc2+ 68. Kd7 Qa4 69. Qe6+ Kg7 70. Qe5+
Kg6 71. Qc5 Kh5 72. Kc7 Qf4+ 73. Kc6 Qa4 74. Kb7 Qe4+ 75. Kc7 Qf4+ 76. Kb7 Qe4+
77. Qc6 Qe7+ 78. Qc7 Qe4+ 79. Kb8 Qe8+ 80. Ka7 Qxb5 81. Qxh7+ 1/2-1/2

[Event "Skakliga 2007-08"]
[Site "Denmark"]
[Date "2008.03.02"]
[Round "7.3"]
[White "Pedersen, Christian Kyndel"]
[Black "Sorensen, Jan"]
[Result "1-0"]
[WhiteElo "2406"]
[BlackElo "2423"]
[PlyCount "78"]
[EventDate "2007.11.10"]
[EventType "team-tourn"]
[EventRounds "9"]
[EventCountry "DEN"]
[Source "ChessBase"]
[SourceDate "2003.11.25"]
[WhiteTeam "Jetsmark"]
[BlackTeam "Aarhus/Skolerne"]
[WhiteTeamCountry "DEN"]
[BlackTeamCountry "DEN"]

1. e4 e6 2. d4 d5 3. Nc3 Nc6 4. Nf3 Nf6 5. e5 Ne4 6. Ne2 f6 7. Ng3 fxe5 8. dxe5
Bd7 9. Bd3 Nc5 10. Be2 Be7 11. O-O O-O 12. Be3 Qe8 13. c4 dxc4 14. Bxc4 Rd8 15.
Re1 Nb4 16. Qe2 b5 17. Bb3 Nxb3 18. axb3 a6 19. Rec1 Bc6 20. Nd4 Bd5 21. Rxc7
Rd7 22. Rac1 Rxc7 23. Rxc7 Bd8 24. Rc3 Qg6 25. f4 Bb6 26. f5 exf5 27. Ngxf5 Kh8
28. h3 Bxd4 29. Nxd4 Qe4 30. Nf3 Nc6 31. Qd2 Rxf3 32. gxf3 Qxf3 33. Bf4 Qh1+
34. Kf2 Qg2+ 35. Ke1 Qg1+ 36. Ke2 Nd4+ 37. Kd3 h6 38. Be3 Qg6+ 39. Kxd4 Qe4+
1-0

[Event "Skakliga 2007-08"]
[Site "Denmark"]
[Date "2008.03.02"]
[Round "7.4"]
[White "Hagen, Andreas Skytte"]
[Black "Christensen, Stefan"]
[Result "1-0"]
[WhiteElo "2296"]
[BlackElo "2308"]
[PlyCount "49"]
[EventDate "2007.11.10"]
[EventType "team-tourn"]
[EventRounds "9"]
[EventCountry "DEN"]
[Source "ChessBase"]
[SourceDate "2003.11.25"]
[WhiteTeam "Aarhus/Skolerne"]
[BlackTeam "Jetsmark"]
[WhiteTeamCountry "DEN"]
[BlackTeamCountry "DEN"]

1. Nf3 Nf6 2. c4 g6 3. Nc3 d5 4. Qa4+ Bd7 5. Qb3 dxc4 6. Qxc4 a6 7. d4 b5 8.
Qb3 Nc6 9. e4 b4 10. d5 bxc3 11. dxc6 Be6 12. Qxc3 Bg7 13. Bc4 Nh5 14. e5 Qc8
15. h3 f5 16. Ng5 Bxc4 17. Qxc4 Rf8 18. g4 fxg4 19. hxg4 Nf4 20. Bxf4 Qxg4 21.
Ne6 Bxe5 22. Nxf8 Bxf4 23. Qg8 Bd2+ 24. Kf1 Qc4+ 25. Qxc4 1-0

[Event "Skakliga 2007-08"]
[Site "Denmark"]
[Date "2008.03.02"]
[Round "7.5"]
[White "Jensen, Bjarke"]
[Black "Jacobsen, Bo"]
[Result "0-1"]
[WhiteElo "2252"]
[BlackElo "2317"]
[PlyCount "64"]
[EventDate "2007.11.10"]
[EventType "team-tourn"]
[EventRounds "9"]
[EventCountry "DEN"]
[Source "ChessBase"]
[SourceDate "2003.11.25"]
[WhiteTeam "Jetsmark"]
[BlackTeam "Aarhus/Skolerne"]
[WhiteTeamCountry "DEN"]
[BlackTeamCountry "DEN"]

1. e4 e5 2. Nf3 Nc6 3. Bc4 d6 4. d4 exd4 5. Nxd4 Be7 6. Nc3 Bf6 7. Nxc6 bxc6 8.
O-O Ne7 9. f4 Ng6 10. Qh5 O-O 11. Rf3 Re8 12. Bd3 Bd4+ 13. Kf1 Qh4 14. Qxh4
Nxh4 15. Rg3 f5 16. e5 dxe5 17. Ne2 exf4 18. Nxf4 h6 19. Bc4+ Kh7 20. Rd3 Bf6
21. g3 Ng6 22. Nh5 Ne5 23. Nxf6+ gxf6 24. Re3 f4 25. Bd3+ Nxd3 26. Rxe8 Bh3+
27. Kg1 Rxe8 28. cxd3 Re1+ 29. Kf2 Rf1+ 30. Ke2 f3+ 31. Ke3 Bg2 32. b3 Re1+ 0-1

[Event "Skakliga 2007-08"]
[Site "Denmark"]
[Date "2008.03.02"]
[Round "7.6"]
[White "Christensen, Tobias"]
[Black "Helledie, Anders"]
[Result "1/2-1/2"]
[WhiteElo "2321"]
[BlackElo "2121"]
[PlyCount "64"]
[EventDate "2007.11.10"]
[EventType "team-tourn"]
[EventRounds "9"]
[EventCountry "DEN"]
[Source "ChessBase"]
[SourceDate "2003.11.25"]
[WhiteTeam "Aarhus/Skolerne"]
[BlackTeam "Jetsmark"]
[WhiteTeamCountry "DEN"]
[BlackTeamCountry "DEN"]

1. d4 Nf6 2. Nf3 g6 3. Nc3 d5 4. Bf4 Bg7 5. e3 O-O 6. Bd3 c5 7. O-O Nc6 8. dxc5
Qa5 9. Nb5 Ne8 10. Nfd4 e5 11. Nb3 Qd8 12. Bg3 e4 13. Be2 Bxb2 14. Rb1 Be5 15.
Bxe5 Nxe5 16. c4 Be6 17. cxd5 Bxd5 18. Qd4 Nc6 19. Qc3 Qg5 20. Rfd1 Rd8 21.
N3d4 h5 22. Nxc6 bxc6 23. Nd4 Qe7 24. a4 Nf6 25. h3 Rb8 26. Qa5 Rfd8 27. Rdc1
Ne8 28. Rb4 Rxb4 29. Qxb4 Qc7 30. Rb1 Nf6 31. a5 Nd7 32. Qc3 Rb8 1/2-1/2

[Event "Skakliga 2007-08"]
[Site "Denmark"]
[Date "2008.03.02"]
[Round "7.7"]
[White "Rathlev, Jakob"]
[Black "Pedersen, Finn"]
[Result "1/2-1/2"]
[WhiteElo "2160"]
[BlackElo "2262"]
[PlyCount "126"]
[EventDate "2007.11.10"]
[EventType "team-tourn"]
[EventRounds "9"]
[EventCountry "DEN"]
[Source "ChessBase"]
[SourceDate "2003.11.25"]
[WhiteTeam "Jetsmark"]
[BlackTeam "Aarhus/Skolerne"]
[WhiteTeamCountry "DEN"]
[BlackTeamCountry "DEN"]

1. c4 c6 2. g3 d5 3. Bg2 Nf6 4. Nf3 Bf5 5. O-O e6 6. b3 Nbd7 7. Bb2 h6 8. d3
Be7 9. Nbd2 O-O 10. Rc1 Re8 11. Rc2 Bd6 12. e4 Bg4 13. h3 Bxf3 14. Nxf3 Qc7 15.
Qa1 dxe4 16. dxe4 e5 17. Nh4 a5 18. Nf5 Bf8 19. f4 a4 20. b4 a3 21. Bc3 Bxb4
22. Bxb4 Qb6+ 23. Kh2 Qxb4 24. fxe5 Nxe5 25. Nxh6+ Kf8 26. Qc1 Re6 27. Nf5 Ng8
28. Qg5 Rg6 29. Qh5 Re8 30. Rcf2 Qxc4 31. Qxg6 Nxg6 32. Nd6 Qxf1 33. Rxf1 Re7
34. Nc4 Nf6 35. Rd1 Kg8 36. Nxa3 Nxe4 37. Rd8+ Kh7 38. Nc4 f5 39. Na5 Nc5 40.
h4 Re2 41. a4 f4 42. h5 f3 43. hxg6+ Kxg6 44. Rf8 Rxg2+ 45. Kh3 Ra2 46. Nc4
Rxa4 47. Ne5+ Kh7 48. Nxf3 Ne4 49. Re8 Ra3 50. Kg2 Nf6 51. Re7 Rb3 52. Nd4 Rb2+
53. Kf3 Nd5 54. Rd7 Nf6 55. Rc7 Ne8 56. Re7 Nd6 57. Rd7 Nc4 58. Rc7 Ne5+ 59.
Ke4 Ng4 60. Nf5 Nf6+ 61. Kf3 Rb3+ 62. Kg2 Nh5 63. g4 Nf4+ 1/2-1/2